| 000 | 01232nam a22003737a 4500 | ||
|---|---|---|---|
| 001 | 0035310 | ||
| 003 | KOHA_MİRAKIL | ||
| 005 | 20260207002939.0 | ||
| 007 | ta | ||
| 008 | 120209b2001 tu |||gr||||#||||0|tur | | ||
| 020 | _a9754834075 | ||
| 040 |
_aTR-BiSEU _btur _cTR-BiSEU _erda |
||
| 041 | 0 | _atur | |
| 044 | _ctu | ||
| 050 |
_aHD6250.T87 _bZ49 2001 |
||
| 100 | 1 | _aZeytinoğlu, Sezen. | |
| 245 | 1 |
_aÇalışan çocukların istismarı ve ihmali/ _cSezen Zeytinoğlu ; Sezen Zeytinoğlu. |
|
| 264 | 1 |
_aİzmir : _bEge Üniversitesi Basımevi _c2001 |
|
| 300 |
_a vii, 235 sayfa ; _c25 cm. |
||
| 336 |
_ametin _btxt _2rdacontent |
||
| 337 |
_aaracısız _bn _2rdamedia |
||
| 338 |
_acilt _bnc _2rdacarrier |
||
| 490 | 1 |
_aEge Üniversitesi Edebiyat Fakültesi yayınları ; _vno. |
|
| 490 | 1 | _a113. | |
| 500 | _aKaynakça var. | ||
| 505 | _aChild labor; social conditions; Turkey. | ||
| 650 | 0 |
_aÇocuk işçi--Türkiye. _967528 |
|
| 650 | 0 |
_aChild labor--Turkey. _936531 |
|
| 650 | 0 |
_aÇocuklar--Türkiye--Sosyal durum. _967529 |
|
| 650 | 0 |
_aChildren--Turkey--Social conditions. _967530 |
|
| 830 | 1 |
_aEge Üniversitesi Edebiyat Fakültesi yayınları ; _vno. _927495 |
|
| 830 | 1 |
_a113. _97846 |
|
| 942 |
_2lcc _cBK |
||
| 999 |
_c35216 _d35216 |
||